| 000 | 01094nam0a2200361 4500 | ||
|---|---|---|---|
| 001 | RU\NLR\bibl\85988 | ||
| 005 | 20260406042740.0 | ||
| 010 |
_a5-15-000665-3 _916000 |
||
| 020 |
_aRU _b98-27340 _9Книжная летопись |
||
| 021 |
_aRU _b98-18035 _9855 |
||
| 035 | _a(NLR Aleph) 000083990 | ||
| 090 |
_a468769 _c468769 |
||
| 100 | _a20000410d1997 |||y0rusy50 ca | ||
| 101 | 1 |
_arus _ceng |
|
| 102 | _aRU | ||
| 105 | _ay ||||||||| | ||
| 200 | 1 |
_aМой нежный враг _eРоман _fЭйна Ли _g[Пер. с англ. М.Л. Павлычевой] |
|
| 210 |
_aМ. _cАСТ _d1997 |
||
| 215 |
_a446 с. _d21 |
||
| 225 | 1 | _aОчарование | |
| 675 |
_a820(73)-31Ли _v3 _zrus |
||
| 686 |
_a17 _2rugasnti |
||
| 686 |
_a84(4/8) _2rubbk |
||
| 686 | _aШ6(7США)67-440.4 | ||
| 700 | 1 |
_4070 _8rus _7ca _aЛи _bЭ. _gЭйна _3RU\NLR\auth\772921 _9112928 |
|
| 801 | 0 |
_aRU _bRKP _c20000410 _gPSBO |
|
| 801 | 1 |
_aRU _bRKP _c20000410 |
|
| 801 | 2 |
_aRU _bNLR _c20001104 _grcr |
|
| 852 |
_aNLR _j98-3/6188 |
||
| 942 | _cBOOK | ||
| 980 | _aNB | ||